000 00723pam a2200253 a 4500
003 BD-DhUIB
005 20210512120302.0
008 810415s1982 nyua b 001 0 eng
020 _a0024188603
020 _a0029776104 (International ed.)
040 _aDLC
_cDLC
_dBD-DhUIB
082 0 0 _a001.424
_219
100 1 _aTaha, Hamdy A.
_9337
245 1 0 _aOperations research :
_ban introduction /
_cby Hamdy A. Taha.
250 _a3rd ed.
260 _aNew York :
_bMacmillan,
_cc1982.
300 _axiv, 848 p. :
_bill. ;
_c26 cm.
500 _aIncludes index.
504 _aBibliography: p. 12.
526 _aMBA.
650 0 _aOperations research.
_9338
650 0 _aProgramming (Mathematics)
_9339
942 _2ddc
_cBK
999 _c176
_d176